000 00838 a2200217 4500
003 UA-OsUOA
005 20260507160442.0
008 260507b un ||||| |||| 00| 0 ukr d
040 _aUA-OsUOA
_bukr
_cUA-OsUOA
_dUA-OsUOA
041 _aukr
_aeng
080 _a061
090 _a061
_bД69
245 _aДорогами сорокріччя
_cопрацювала Наталя Левенець-Когуська
246 _aForty Years in Retrospect
260 _bСоюз Українок Канади
_c1967
_aГамільтон ;
_aТоронто ;
_aВінніпеґ
300 _a32 с.
650 _2UDC
_a061 Організації та інші типи об’єднань
_92087
942 _cBK
_2udc
955 _a0
999 _c580663
_d580663